| 000 | 01024 a2200241 4500 | ||
|---|---|---|---|
| 999 |
_c1697 _d1697 |
||
| 020 | _a0534622895 | ||
| 050 | 0 | 0 | _aHV40 GRE 2007 |
| 100 | _aGreene, Roberta R. | ||
| 245 | 0 | 0 |
_aSocial work practice : _ba risk and resilience approach / _c[edited by] Roberta R. Greene. |
| 264 |
_aBelmont _bThomson _c2007 |
||
| 300 |
_axxii, 297 p. : _bill. ; |
||
| 500 | _aSocial Work | ||
| 504 | _aIncludes bibliographical references and indexes. | ||
| 650 | 0 | _aSocial service. | |
| 650 | 0 |
_aSocial service _xPractice. |
|
| 650 | 0 | _aResilience (Personality trait) | |
| 700 | 1 |
_aGreene, Roberta R. _q(Roberta Rubin), _d1940- |
|
| 856 | 4 | 2 |
_3Contributor biographical information _uhttp://www.loc.gov/catdir/enhancements/fy1302/2006921801-b.html |
| 856 | 4 | 2 |
_3Publisher description _uhttp://www.loc.gov/catdir/enhancements/fy1302/2006921801-d.html |
| 856 | 4 | 1 |
_3Table of contents only _uhttp://www.loc.gov/catdir/enhancements/fy1302/2006921801-t.html |
| 942 |
_2lcc _cBK _h40 _iGRE _kHV |
||